Statistics for Hyundai Cars by Picture

Click here to take the quiz!

General Stats

  • This quiz has been taken 124 times
  • The average score is 3 of 5

Answer Stats

Answer% Correct
Elantra
91%
Sonata
77%
Veloster
63%
Equus
39%
Azera/Grandeur
36%

Score Distribution

Percentile by Number Answered

Percent of People with Each Score

Your Score History

You have not taken this quiz